| 000 | 00367nas a2200145 4500 | ||
|---|---|---|---|
| 001 | Rev907 | ||
| 003 | ES-SlBC | ||
| 008 | 131126b xxum||p| |||| 00| 0 fre d | ||
| 245 | 0 | 0 | _aVIE INTELECTUELLE (LA) |
| 260 |
_aParís : _bEditions Du Cerf |
||
| 270 |
_a29, boulevard Latour-Maubourg _bParís _dFrancia |
||
| 310 | _aMensual | ||
| 942 | _cREV | ||
| 999 |
_c496674 _d496674 |
||